Head to Head - Countries vs. California - Statistics

General Stats
  • This quiz has been taken 76 times
  • The average score is 9 of 15
Answer Stats
Question Answer % Correct
Which has a higher population?
94%
Which experiences more major earthquakes?
77%
Which has the older median age?
74%
Which has the higher obesity rate?
74%
Which has the longer coastline?*
74%
Which has the higher mountain?
71%
Which has a higher GDP? (Nominal)
68%
Which has more Spanish speakers?
65%
Which has more homeless people?
65%
Which produces more wine?
65%
Which has a longer road network?
55%
Which is larger in area?
52%
Which is home to the more valuable company?
52%
Which has more McDonald's?
26%
Which receives more international tourists? (2023)
23%
No matching quizzes found
Score Distribution
Percent of People with Each Score
Percentile by Number Answered
Your Score History
You have not taken this quiz